000 01068nam a2200277 a 4500
001 33164
003 BD-RjUL
005 20211209051946.0
008 140430r19701948enkc 001 0 eng d
020 _a710032544
035 _a(BD-RjUL)33255
040 _aVIC
_cVIC
_dm.c
_dOCL
_dEQO
_dBD-RjUL
_beng
041 1 _aeng
_hger
082 _a301
_bWEF 1970
100 1 _aWeber, Max,
_d1864-1920.
_9100731
245 1 0 _aFrom Max Weber :
_bessays in sociology /
_ctranslated, edited, and with an introduction by H. H. Gerth and C. Wright Mills.
260 _aLondon :
_bRoutledge & Kegan Paul,
_c1948 [impression 1952,1964,1967,1970]
300 _axi, 490 p. :
_bill. ;
_c22 cm.
500 _aFirst published in England 1948. First published as a Routledge paperback 1970.
504 _aIncludes Bibliography included in "Notes" (p. 445-467) and index.
650 _aSociology
_9129795
700 1 _aGerth, Hans Heinrich,
_d1908-1979.
_97697
700 1 _aMills, C. Wright
_q(Charles Wright),
_d1916-1962.
_97699
830 0 _aRoutledge paperbacks
_9118128
942 _2ddc
_cBK
999 _c33164
_d33164